LDR 00953naa#a2200169#i#450# 001 EN\\bibl\123416 005 20260706020500.1 011 ## _a1994-4683 100 ## _a20230731b2023####ek#y0engy0150####ca 102 ## _aRU 200 1# _aHEALTH-SAVING TECHNOLOGIES IN PHYSICAL EDUCATION LESSONS OF STUDENTS OF A SPECIAL MEDICAL GROUP IN THE SYSTEM OF SECONDARY PROFESSIONAL EDUCATION _eJournal article 210 1# _aMoscow _cNational State University of Physical Education, Sports and Health named after P.F. Lesgaft _d2023 215 ## _a4 с. 608 ## _aJournal article _2local 675 ## _aСреднее специальное образование для подготовки кадров средней квалификации. Средние специальные учебные заведения. Техникумы. Училища. Художественные школы. 377.5 _z 700 #1 _aSemyannikova _gValentina Vladimirovna 856 4# _auchzapiski.lesgaft.spb.ru _u